000 00908nam a2200193 a 4500
005 20210219160131.0
008 080818s1969 mx r 000 0 spa d
035 _aUPN01000159282
049 _aUNE
080 _a377 (861) 1962-68 UNI No.10.
245 0 0 _aUniversidad industrial de Santander, Bucaramanga, Colombia :
_binforme preparado para el gobierno de Colombia por la Organización de las Naciones Unidas para la Educación, la Ciencia y la Cultura, como Organismo participante y de ejecución del Programa de las Naciones Unidas para el Desarrollo correspondiente al periodo 1962-1968.
260 _aParís :
_bUNESCO ;
_aNueva York :
_bPNUD,
_c1969.
300 _a38 p. :
_bretrs., fot.
440 0 _aInforme ;
_v10
690 _aEnseñanza tecnica - Colombia
690 _aEnseñanza tecnica superior - Colombia
710 2 _aPrograma de las Naciones Unidas para el Desarrollo
905 _aUNESCO
999 _c131396
_d131396